Normal view
MARC view
- Educación rural
Entry Materia
Number of records used in: 132
001 - NÚMERO DE CONTROL DEL REGISTRO
- campo de control: 4430
003 - IDENTIFICADOR DE NUMERO DE CONTROL
- campo de control: MX-MxUPN
005 - FECHA Y HORA DE LA ÚLTIMA TRANSACCIÓN
- campo de control: 20240923131834.0
008 - DATOS DE LONGITUD FIJA
- campo de control de longitud fija: 220909|||fcnnnbabn | ana |d
035 ## - NÚMERO DE CONTROL DEL SISTEMA
- Número de control del sistema: UPN10000004430
040 ## - FUENTE DE LA CATALOGACIÓN
- Centro catalogador de origen: MX-MxUPN
- Lengua de catalogación: spa
- Agencia de transcripción: MX-MxUPN
150 ## - ENCABEZAMIENTO - TEMÁTICO
- Término de materia o nombre geográfico como elemento inicial: Educación rural
- Subdivisión geográfica: México
670 ## - FUENTE EN LA QUE SE LOCALIZARON DATOS
- Cita de la fuente: DGB UNAM, 9 septiembre 2022:
- Información localizada: encabezamiento (Educación rural--México)
902 ## - CATALOGADOR
- Catalogador: MMA/280896
